书目信息 |
| 题名: |
听力语言康复专业教材
|
|
| 作者: | 韩睿 , 马学军 主编 | |
| 分册: | 第九册 听觉康复技能 | |
| 出版信息: | 2004 |
|
| 页数: | 109页 | |
| 开本: | 26cm | |
| 丛书名: | ||
| 单 册: | ||
| 中图分类: | G762.4 , R764.430.9 | |
| 科图分类: | ||
| 主题词: | 听力障碍--儿童--语言--教育康复--教材 , 听力障碍--儿童--听觉--康复--教材 , 听力障碍 , 儿童 , 语言 , 教育康复 , 听觉 , 康复 | |
| 电子资源: | ||
| ISBN: | 7-81119-607-7 | |
| 000 | 01180nam0 2200325 450 | |
| 001 | 1573223808 | |
| 005 | 20150202202058.14 | |
| 010 | @a7-81119-607-7@dCNY23.60,CNY260.00(全11册) | |
| 100 | @a20050221d2004 em y0chiy50 ea | |
| 101 | 0 | @achi |
| 105 | @ay z 000yy | |
| 200 | 1 | @a听力语言康复专业教材@9ting li yu yan kang fu zhuan ye jiao cai@h第九册@i听觉康复技能@f韩睿,马学军主编 |
| 210 | @d2004 | |
| 215 | @a109页@d26cm | |
| 300 | @a全国教育科学“十五”规划教育部重点课题《听力语言康复专业的整体课程改革与实验研究》研究成果 长江新里程计划——聋儿语训教师培养项目 李嘉诚博士及属下香港长江集团资助 | |
| 330 | @a本书系统、浅显地介绍了临床听力学中的实践操作,通过本教材的动手实践,可以使学生将已学的听障幼儿康复专业的理论知识转化为可操作的综合技能。 | |
| 606 | 0 | @a听力障碍@x儿童@x语言@x教育康复@j教材 |
| 606 | 0 | @a听力障碍@x儿童@x听觉@x康复@j教材 |
| 606 | 0 | @a听力障碍 |
| 606 | 0 | @a儿童 |
| 606 | 0 | @a语言 |
| 606 | 0 | @a教育康复 |
| 606 | 0 | @a听觉 |
| 606 | 0 | @a康复 |
| 690 | @aG762.4@v5 | |
| 690 | @aR764.430.9@v5 | |
| 701 | 0 | @a韩睿@9han rui@4主编 |
| 701 | 0 | @a马学军@9ma xue jun@4主编 |
| 801 | 0 | @aCN@bTSSF@c20150202 |
| 905 | @aZUCC@dG762.4@eJY6:9 | |
| 听力语言康复专业教材.第九册.听觉康复技能/韩睿,马学军主编.-2004 |
| 109页;26cm |
| 全国教育科学“十五”规划教育部重点课题《听力语言康复专业的整体课程改革与实验研究》研究成果 长江新里程计划——聋儿语训教师培养项目 李嘉诚博士及属下香港长江集团资助 |
| ISBN 7-81119-607-7:CNY23.60,CNY260.00(全11册) |
| 本书系统、浅显地介绍了临床听力学中的实践操作,通过本教材的动手实践,可以使学生将已学的听障幼儿康复专业的理论知识转化为可操作的综合技能。 |
| ● |
| 相关链接 |
|
|
|
|
正题名:听力语言康复专业教材
索取号:G762.4/JY6:9
 
预约/预借
| 序号 | 登录号 | 条形码 | 馆藏地/架位号 | 状态 | 备注 |
| 1 | 7865157 | 278651576 | 学院路分馆/ [索取号:G762.4/JY6:9] | 在馆 |